La enseñanza de la religión en los centros docentes (Registro nro. 22484)

Detalles MARC
000 -CABECERA
Longitud fija campo de control 00681nam a22002055b 4500
001 - NÚMERO DE CONTROL
Número de control bimo0000346870
003 - IDENTIFICADOR DELl NÚMERO DE CONTROL
Identificador del número de control OSt
005 - FECHA Y HORA DE LA ÚLTIMA TRANSACCIÓN
Fecha y hora de la última transacción 20150916174257.0
008 - CÓDIGOS DE INFORMACIÓN DE LONGITUD FIJA
Códigos de información de longitud fija 930714s1993 sp spa
020 ## - NÚMERO INTERNACIONAL NORMALIZADO PARA LIBROS
Número Internacional Normalizado para Libros (ISBN) 84-7684-385-2
040 ## - FUENTE DE LA CATALOGACIÓN
Centro transcriptor BMC
082 ## - NÚMERO DE LA CLASIFICACIÓN DECIMAL DEWEY
Númeroo de clasificación 200.0746
100 1# - PUNTO DE ACCESO PRINCIPAL-NOMBRE DE PERSONA
Nombre de persona Martínez Blanco, Antonio
9 (RLIN) 36282
245 13 - MENCIÓN DE TÍTULO
Título La enseñanza de la religión en los centros docentes
Resto del título : (a la luz de la Constitución y del acuerdo con la Santa Sede)
Mención de responsabilidad, etc. Antonio Martínez Blanco
260 ## - PUBLICACIÓN, DISTRIBUCIÓN, ETC. (PIE DE IMPRENTA)
Lugar de publicación, distribución, etc. Murcia
Nombre del editor, distribuidor, etc. Universidad de Murcia
Fecha de publicación, distribución, etc. 1993
300 ## - DESCRIPCIÓN FÍSICA
Extensión 254 p.
Dimensiones 24 cm
490 ## - MENCIÓN DE SERIE
Mención de serie Manuales y materiales didácticos
Designación de volumen o secuencia 37
650 24 - PUNTO DE ACCESO ADICIONAL DE MATERIA - TÉRMINO DE MATERIA
Término de materia o nombre geográfico como elemento inicial Religión
Subdivisión de materia general Enseñanza
Subdivisión geográfica España
9 (RLIN) 18866
942 ## - ENTRADA DE ELEMENTOS AGREGADOS (KOHA)
Fuente de clasificaión o esquema Dewey Decimal Classification
Koha [por defecto] tipo de item 1- Monografias
Existencias
Suprimido Perdido Fuente de clasificación o esquema Estropeado Restricciones de uso No para préstamo Código de colección Localización permanente Localización actual Localización en estanter&íacute;as Fecha adquisición Fuente de adquisición Número de inventario Préstamos totales Signatura completa Código de barras Fecha última consulta Fecha último préstamo Coste, precio reemplazado Fecha del precio de reemplazo Tipo de item de Koha
NULL NULL Dewey Decimal Classification NULL Prestable NULL NULL Biblioteca Miguel de Cervantes - UNICAES Biblioteca Miguel de Cervantes - UNICAES Sala Principal 20/10/2014 Donación - UNAV 030236 1 200.07 MAR ens 1033819 21/03/2017 21/03/2017 25.00 16/09/2015 1- Monografias